Normal view MARC view
  • Olmedo Moreno, Eva María

Entry Nombre Personal

Number of records used in: 1

001 - NUMERO DE CONTROL

  • campo de control: 49123

003 - IDENTIFICADOR DE NUMERO DE CONTROL

  • campo de control: UPN

005 - FECHA Y HORA DE LA ÜLTIMA TRANSACCIÓN

  • campo de control: 20230531145320.0

008 - DATOS DE LONGITUD FIJA

  • campo de control de longitud fija: 230531|| acn||aabn | a|a d

024 7# - OTROS IDENTIFICADORES NORMALIZADOS

  • Fuente: orcid
  • Número normalizado o código: https://orcid.org/0000-0003-0558-1513

040 ## - FUENTE DE CATALOGACIÓN

  • Agencia original de catalogación: MX-MxUPN

100 ## - ENCABEZAMIENTO - NOMBRE PERSONAL

  • Nombre personal: Olmedo Moreno, Eva María

370 ## - LUGAR ASOCIADO

  • Associated country: España

371 ## - DIRECCIÓN

  • Electronic mail address: emolmedo@ugr.es

372 ## - CAMPO DE ACTIVIDAD

  • Field of activity: Métodos de investigación y diagnóstico en educación

373 ## - GRUPO ASOCIADO

  • Associated group: Universidad de Granada

374 ## - OCUPACIÓN

  • Occupation: Profesora - investigadora universitaria

670 ## - FUENTE EN LA QUE SE LOCALIZARON DATOS

  • Cita de la fuente: En recurso en línea: RED: revista de educación a distancia. Vol. 23, no. 72 (2023)
  • Información localizada: (Eva María Olmedo Moreno)
  • Uniform Resource Identifier: https://revistas.um.es/red/article/view/542261/334431

902 ## - CATALOGADOR

  • Catalogador: Leonor Sotres/310523